A vállalkozás üzleti tervkészítésének rendszere, szabályozottsága
| Main Author: | |
|---|---|
| Other Authors: | |
| Format: | Project work |
| Kulcsszavak: | beszállító(k) bérszámfejtés cég(ek) egyéni vállalkozás(ok) logisztika |
| Online Access: | http://dolgozattar.uni-bge.hu/58201 |
MARC
| LEADER | 00000nnm a2200000 i 4500 | ||
|---|---|---|---|
| 001 | dolg58201 | ||
| 005 | 20250923130313.0 | ||
| 008 | 250923suuuu hu o 000 hun d | ||
| 040 | |a BGE Dolgozattár Repozitórium |b hun | ||
| 041 | |a hu | ||
| 100 | 1 | |a Fancsik Anna | |
| 245 | 1 | 2 | |a A vállalkozás üzleti tervkészítésének rendszere, szabályozottsága |c Fancsik Anna |h [elektronikus dokumentum] |
| 516 | |a Project_work | ||
| 520 | 3 | |a Szakdolgozatom témája „A vállalkozás üzleti tervkészítésének rendszere, szabályozottsága”, melyet a Parat Technology Hungary Kft. által mutattam be. Betekintést kaphatunk a vállalati profilról, a cég üzleti jellegzetességeiről. Első nagy fejezetünk a téma bevezetéséről szól, hogy miért ezt választottam, mi az, ami megragadott a témakörrel kapcsolatban. Dolgozatom első felében a vállalkozás általános bemutatását, a cég alapadatait ismertetem. Betekintést kaphatunk a Parat csoportról, telephelyeiről, főbb tevékenységi köreiről. A Parat Technology Hungary Kft. kimagasló eredményeket ért el az autóipari alkatrészek gyártásában. Legfontosabb céljának a vevői igények kielégítését értjük. Az autóipar versenyhelyzetét tekintve nagyon erős, ezért a Parat Technology Hungary Kft. is odafigyel a külső és belső helyzetének változásaira. Mindig figyelmet kell szentelni versenytársaira. Ezen társak célja általában az, hogy a Parat vevőit megszerezzék, megnyerjék maguknak, s ezért sokkal kedvezőbb feltételeket szabnak ki termékeikre. Ennek eredményeképpen a legjobb minőséget, pontos szállítást kell nyújtania megrendelői számára, partnereiket megtartva. Záródolgozatom második felében a Parat Technology Hungary Kft. beszállítói körét, vevői kapcsolatait, pénzügyi és logisztikai területét ismertetem. Mint már említettem a vállalat legfontosabb feladatának a vevők és megrendelők szükségleteinek előtérbehelyezését mondhatjuk. Cél, hogy mindig elégedettek legyenek. A cég igyekszik a legyártott termékeket a legjobb minőségben eljuttatni a vevőkhöz. A sok éve megbízható, lojális, hűséges vevők, megrendelők nsgy bizalommal fordulnak a céghez a kitűnő minőség érdekében. Témám legvégén a bérszámfejtésről és béren kívüli juttatásokról ejtek szót. A cég a dolgozók állandó motiválására, ösztönzésére törekszik. Három leglényegesebb tényezője a célkitűzés, jutalmazás és a munkakör-átalakítás. A cég bíztatja dolgozóit a szakmai tovább fejlődésre, önképesítésre, rugalmas munkavégzésre, munkaidő ledolgozására, szervezet eredményeihez való hozzájárulására. Ajándékkártyát és cafetériát biztosít dolgozói számára. A vállalat segítőkészségének köszönhetően, támogatja az ott dolgozók munkába járását s az ott dolgozók prémiumot kaphatnak teljesítményükért, ajándékutalványt egész éves munkájukért. | |
| 695 | |a beszállító(k) | ||
| 695 | |a bérszámfejtés | ||
| 695 | |a cég(ek) | ||
| 695 | |a egyéni vállalkozás(ok) | ||
| 695 | |a logisztika | ||
| 700 | 1 | |a Kovács Andrea |e ths | |
| 856 | 4 | 0 | |u http://dolgozattar.uni-bge.hu/58201/1/Z%C3%A1r%C3%B3dolgozat_%20A%20v%C3%A1llalkoz%C3%A1s%20%C3%BCzleti%20tervk%C3%A9sz%C3%ADt%C3%A9s%C3%A9nek%20rendszere%2C%20szab%C3%A1lyozotts%C3%A1ga_Fancsik%20Anna%20%28ZG5CGA%29.pdf |z Dokumentum-elérés |
| 856 | 4 | 0 | |u http://dolgozattar.uni-bge.hu/58201/2/Titkos%C3%ADt%C3%A1si%20k%C3%A9relem_%20Fancsik%20Anna%20%28ZG5CGA%29.pdf |z Dokumentum-elérés |
| 856 | 4 | 0 | |u http://dolgozattar.uni-bge.hu/58201/3/Z%C3%A1r%C3%B3dolgozati%20%C3%B6sszefoglal%C3%A1s_%20Fancsik%20Anna%20%28ZG5CGA%29.pdf |z Dokumentum-elérés |
| 856 | 4 | 0 | |u http://dolgozattar.uni-bge.hu/58201/4/Fancsik%20Anna_Z%C3%A1r%C3%B3dolgozat%20%C3%A9rt%C3%A9kel%C3%A9se.pdf |z Dokumentum-elérés |
| 856 | 4 | 0 | |u http://dolgozattar.uni-bge.hu/58201/5/Fancsik%20Anna.pdf |z Dokumentum-elérés |